[Event "Buenos Aires Konex"]
[Site "Buenos Aires"]
[Date "1991.??.??"]
[Round "3"]
[White "Fiorito, Fabian"]
[Black "Cranbourne, Carlos"]
[Result "1-0"]
[WhiteElo "2435"]
[BlackElo "2300"]

1.Nf3 d5 2.c4 e6 3.g3 Nf6 4.b3 Be7 5.Bg2 O-O 6.O-O c5 7.e3 Nc6 8.Qe2 Bd7
9.Bb2 Qa5 10.Rd1 Rad8 11.h3 a6 12.cxd5 exd5 13.d4 cxd4 14.Nxd4 Ne4 15.Nxc6 Bxc6
16.Bd4 Rfe8 17.a3 Bf8 18.Qb2 Qc7 19.Nd2 Re6 20.Nf3 Rde8 21.h4 Rg6 22.Ne5 Rge6
23.Nd3 Bd6 24.Nf4 Bxf4 25.exf4 f5 26.Rd3 h6 27.Re3 Qf7 28.Rae1 Kh7 29.Qe2 Bb5
30.Qc2 Bc6 31.Kh2 Kg8 32.Bh3 Qg6 33.Rg1 h5 34.Be5 Qf7 35.f3 Nd6 36.Rge1 g6
37.b4 Nc8 38.Qc3 Nb6 39.g4 hxg4 40.fxg4 d4 41.Qxd4 Nd5 42.gxf5 gxf5 43.Rg3+ Kf8
44.Bd6+ Rxd6 45.Qh8+  1-0

[Event "Buenos Aires Konex"]
[Site "Buenos Aires"]
[Date "1991.??.??"]
[Round "4"]
[White "Djuric, Stefan"]
[Black "Salazar, Hernan"]
[Result "1-0"]
[WhiteElo "2540"]
[BlackElo "2390"]

1.Nf3 d5 2.c4 e6 3.d4 c5 4.cxd5 exd5 5.Bg5 Be7 6.Bxe7 Qxe7 7.dxc5 Qxc5 8.Nc3 Nf6
9.Qd4 Qe7 10.e3 Nc6 11.Bb5 O-O 12.Qh4 Be6 13.O-O Rfd8 14.Rac1 Rac8 15.a3 a6
16.Bd3 h6 17.h3 Na5 18.Rc2 b5 19.Nd4 Nc4 20.Rfc1 Nxb2 21.Rxb2 Qxa3 22.Rbc2 b4
23.Nxe6 fxe6 24.Ne2 Rxc2 25.Bxc2 b3 26.Bb1 b2 27.Rc7 Qa5 28.Qg3 Qe1+ 29.Kh2 Ne8
30.Rb7 Qxb1 31.Nd4 Qe4 32.Rxb2 Nd6 33.Rb6 e5 34.Ne6 Nf5 35.Qg6 Rc8 36.Rb7  1-0

[Event "Buenos Aires Konex"]
[Site "Buenos Aires"]
[Date "1991.??.??"]
[Round "5"]
[White "Valiente, Cristobal"]
[Black "Bulcourf, Carlos"]
[Result "1-0"]
[WhiteElo "2370"]
[BlackElo "2205"]

1.Nf3 d5 2.c4 c6 3.d4 Bf5 4.Nc3 e6 5.Bf4 Nd7 6.Qb3 Qb6 7.c5 Qxb3 8.axb3 a6
9.e3 f6 10.b4 Rc8 11.Nd2 e5 12.Bg3 h5 13.h4 Nh6 14.Be2 g6 15.O-O Bg7 16.dxe5 fxe5
17.e4 Be6 18.exd5 cxd5 19.Bf3 e4 20.Ndxe4 dxe4 21.Bxe4 Nf5 22.Rfe1 Kf7 23.Bxb7 Nxg3
24.Bxc8 Rxc8 25.fxg3 Bc4 26.Ne4 Be5 27.Rad1 Rc7 28.Kh2 Kg7 29.Nd6 Bxd6 30.cxd6 Rb7
31.Re4 Bb5 32.Re7+ Kg8 33.g4 Rb8 34.gxh5 gxh5 35.Rd5 Nf6 36.Rg5+ Kh8 37.Rf7 Ng4+
38.Kg3 Be8 39.Rf8+ Kh7 40.Rxg4 hxg4 41.d7  1-0

[Event "Buenos Aires GP"]
[Site "Buenos Aires"]
[Date "1991.??.??"]
[Round "6"]
[White "Tempone, Marcelo"]
[Black "Van Riemsdijk, Herman C"]
[Result "1-0"]
[WhiteElo "2460"]
[BlackElo "2450"]

1.Nf3 d5 2.c4 e6 3.d4 Nf6 4.Nc3 Bb4 5.Bg5 c5 6.e3 h6 7.Bxf6 Qxf6 8.cxd5 exd5
9.Be2 O-O 10.O-O Rd8 11.Rc1 c4 12.e4 Bxc3 13.e5 Qa6 14.bxc3 Qxa2 15.Nh4 a5
16.f4 a4 17.f5 a3 18.Bh5 Nc6 19.Qg4 Qd2 20.Bxf7+ Kxf7 21.Qg6+ Kg8 22.f6 Qe3+
23.Kh1 Qg5 24.f7+  1-0

[Event "BUL-ch"]
[Site "?"]
[Date "1991.??.??"]
[Round "1"]
[White "Petkov, Vladimir"]
[Black "Dimitrov, Vladimir"]
[Result "1-0"]
[WhiteElo "2295"]
[BlackElo "2465"]

1.Nf3 d5 2.c4 e6 3.d4 Nf6 4.Bg5 Bb4+ 5.Nbd2 dxc4 6.e3 c3 7.bxc3 Bxc3 8.Rc1 Bxd2+
9.Qxd2 Bd7 10.Bd3 Bc6 11.e4 h6 12.Bxf6 gxf6 13.O-O Qd6 14.Rfe1 Kf8 15.d5 exd5
16.Nd4 Bd7 17.exd5 c5 18.Qb2 cxd4 19.Qxb7 Kg7 20.Qxa8 Nc6 21.Qb7 Ne5 22.Qa6 Qxd5
23.Be4 Qe6 24.Qxa7 Qd5 25.Qc5 Qxc5 26.Rxc5 Be6 27.f4 Nd7 28.Rc2 f5 29.Bf3 d3
30.Rc3 Bxa2 31.Rxd3 Nf6 32.h3 h5 33.Re5 Be6 34.Bd1 Rb8 35.Rg3+ Kf8 36.Bc2 Nd7
37.Ra5 Rb4 38.Bxf5 h4 39.Rd3 Nf6 40.Bxe6 fxe6  1-0

[Event "BUL-ch"]
[Site "?"]
[Date "1991.??.??"]
[Round "6"]
[White "Genov, Petar"]
[Black "Dimitrov, Vladimir"]
[Result "1/2-1/2"]
[WhiteElo "2420"]
[BlackElo "2465"]

1.Nf3 d5 2.c4 e6 3.g3 dxc4 4.Bg2 Nd7 5.Qa4 a6 6.Qxc4 b5 7.Qc2 Bb7 8.O-O Ngf6
9.b3 c5 10.Bb2 Rc8 11.d3 Be7 12.Nbd2 O-O 13.Rac1 Nd5 14.Ne4 b4 15.Ne5 Nxe5
16.Bxe5 f6 17.Bb2 f5 18.Nd2 Bf6 19.Nc4 Rc7 20.Bxf6 Qxf6 21.a3 Nc3 22.Bxb7 Rxb7
23.axb4 cxb4 24.Ra1 e5 25.Ra5 Re7 26.Ne3 Rc7 27.Qd2 Rd8 28.Rfa1 Rc6 29.Kg2 g6
30.Qb2 h5 31.Nc4 Re6 32.f3 Kg7 33.Rf1 h4 34.Qd2 hxg3 35.hxg3 f4 36.Rh1 Rh8
37.Rxh8 Kxh8 38.Ra1 Kg7 39.Rh1 Re8 40.Rh4 Rh8 41.Rxh8 Kxh8  1/2-1/2

[Event "Cacak-B"]
[Site "Cacak"]
[Date "1991.??.??"]
[Round "5"]
[White "Mijailovic, Zoran"]
[Black "Bodic, Dragan"]
[Result "1/2-1/2"]
[WhiteElo "2330"]
[BlackElo "2300"]

1.Nf3 d5 2.c4 e6 3.b3 Nf6 4.Bb2 c5 5.e3 Nc6 6.cxd5 exd5 7.Bb5 Bd7 8.O-O Be7
9.d4 cxd4 10.Nxd4 O-O 11.Nc3 Rc8 12.Be2 Re8 13.Rc1 Bd6 14.Nf3 Be6 15.Nb5 Bb8
16.Nbd4 Bg4 17.Qd3 Nxd4 18.Nxd4 Bxe2 19.Qxe2 Be5 20.Nb5 Rxc1 21.Rxc1 Bxb2
22.Qxb2 Qb6 23.Nd4 g6 24.h3 a6 25.Qc3 Rd8 26.Nf3 h6 27.Qe5 Qd6 28.Qd4 Ne4
29.Rc2 a5 30.Ne5 Re8 31.Nd3 b6 32.Nf4 Rd8 33.Rc1 g5 34.Nd3 Rc8 35.Rc2 Qf6
36.Qxd5 Nc3 37.Qf3 Qg7 38.Kh2 Rd8 39.e4 Qd4 40.Nb2 Nxe4 41.Nc4 Re8 42.Ne3 Nc5
43.Ng4 Kg7 44.Re2 Rxe2 45.Qxe2 Ne4 46.Qf3 b5 47.Ne3 Qe5+ 48.g3  1/2-1/2

[Event "Cacak-B"]
[Site "Cacak"]
[Date "1991.??.??"]
[Round "7"]
[White "Mijailovic, Zoran"]
[Black "Colovic, Dusan"]
[Result "1/2-1/2"]
[WhiteElo "2330"]
[BlackElo "2255"]

1.Nf3 d5 2.c4 c6 3.d4 Nf6 4.e3 Bf5 5.Bd3 Bxd3 6.Qxd3 e6 7.Nc3 Nbd7 8.O-O Be7
9.e4 dxe4 10.Nxe4 Nxe4 11.Qxe4 Nf6 12.Qe2 O-O 13.Rd1 Qa5 14.Ne5 Rad8 15.Bd2 Qb6
16.Be3 Qa6 17.Bg5 Qb6 18.Nf3 Rfe8 19.Qc2 Rd7 20.Be3 Qa5 21.Ne5 Rdd8 22.a3 Nd7
23.Nf3 Bf6 24.Bf4 Nf8 25.Be5 Bxe5 26.dxe5 Ng6 27.Qe4 f6 28.exf6 gxf6 29.g3 f5
30.Qe3 f4 31.Qe2 Qf5 32.Rxd8 Rxd8 33.Rd1 Rxd1+ 34.Qxd1 e5 35.Nh4 Nxh4 36.Qd8+ Kf7
37.Qxh4 Ke8 38.gxf4 exf4 39.h3 Kd7 40.Kg2 Qe4+ 41.Kh2 Kd6 42.Qg5 Qe5 43.h4 Qxg5
44.hxg5 Ke5 45.Kh3 Ke4 46.Kg4 a5 47.b4 axb4 48.axb4 b6 49.c5 b5 50.Kh5 Kf3
51.Kh6 Kxf2 52.Kxh7 Ke3 53.g6 f3 54.g7 f2 55.g8=Q f1=Q 56.Qe6+ Kd4 57.Qxc6 Qb1+
58.Qg6 Qxb4 59.c6 Kd5 60.c7 Qe7+ 61.Qg7 Qh4+ 62.Kg8 Qh3 63.Qg5+ Kc6  1/2-1/2

[Event "Calcutta"]
[Site "Calcutta"]
[Date "1991.??.??"]
[Round "?"]
[White "Wojtkiewicz, Aleksander"]
[Black "Ye Rongguang"]
[Result "1-0"]
[WhiteElo "2540"]
[BlackElo "2545"]

1.Nf3 d5 2.c4 dxc4 3.e3 Nf6 4.Bxc4 e6 5.d4 a6 6.Qe2 b5 7.Bd3 Nbd7 8.O-O c5
9.Rd1 Qc7 10.a4 b4 11.Nbd2 Bb7 12.b3 cxd4 13.Nxd4 e5 14.Nf5 e4 15.Bb1 Qe5
16.Nd4 Bd6 17.f4 exf3 18.N2xf3 Qh5 19.Ra2 Be4 20.Bxe4 Nxe4 21.Bd2 O-O 22.Rc2 Rfe8
23.Be1 Ndf6 24.Nc6 a5 25.h3 Bg3 26.Bxg3 Nxg3 27.Qd3 Nge4 28.Rc4 h6 29.Rf1 g6
30.Nd2 Nxd2 31.Qxd2 Qd5 32.Qd4 Qxd4 33.exd4 Nd5 34.Rc5 Nc3 35.d5 Re3 36.Nxa5 Rd8
37.Nc4 Rd3 38.d6 Ne2+ 39.Kh2 Nd4 40.Rc7 Nf5 41.Rb7 Rxb3 42.Rd1 Kf8 43.a5 Rc3
44.Rxb4 Rxc4 45.Rxc4 Ne3 46.Rcd4 Nxd1 47.Rxd1 Ke8 48.d7+  1-0

[Event "JUG-chT Cetinje"]
[Site "Cetinje"]
[Date "1991.??.??"]
[Round "4"]
[White "Pajkovic, Vladimir"]
[Black "Lputian, Smbat G"]
[Result "1/2-1/2"]
[WhiteElo "2415"]
[BlackElo "2565"]

1.Nf3 d5 2.c4 e6 3.g3 g6 4.Bg2 Bg7 5.O-O Ne7 6.d4 Nbc6 7.cxd5 exd5 8.Nc3 O-O
9.Bf4 Bg4 10.Ne5 Nxe5 11.Bxe5 c6 12.Bxg7 Kxg7 13.Qb3 Qb6 14.Qxb6 axb6 15.a4 Nc8
16.Rfc1 Nd6 17.b3 g5 18.e3 Rfe8 19.Re1 Bf5 20.Rac1 Bd3 21.h3 f5 22.Bf1 Bxf1
23.Kxf1 Re6 24.Ne2 b5 25.Ra1 bxa4 26.Rxa4 Rxa4 27.bxa4 Re8 28.Rb1 Ra8 29.Rb4 Kf6
30.Ke1 Ke6 31.g4 h5 32.gxh5 Rh8 33.h4 Rxh5 34.hxg5 Rxg5 35.Nf4+ Kd7 36.Ke2 Rg1
37.Nd3 Kc7 38.Nc5 Ra1 39.Ne6+ Kc8 40.Nc5 Ra2+ 41.Kf3 Kc7 42.Ne6+ Kb8 43.Nc5 Ka7
44.Kg3 Re2 45.Rb3 b6 46.Nd7 Ne4+ 47.Kh4 Rxf2 48.Kh5 Rg2 49.Nxb6 Nf6+ 50.Kh6 Rg8
51.a5 Ng4+ 52.Kh5 Re8 53.Nd7 Rxe3 54.Rb6 Ra3 55.Rxc6 Rxa5 56.Rc7+ Ka6 57.Kg5  1/2-1/2

[Event "JUG-chT Cetinje"]
[Site "Cetinje"]
[Date "1991.??.??"]
[Round "6"]
[White "Pajkovic, Vladimir"]
[Black "Cabrilo, Goran"]
[Result "0-1"]
[WhiteElo "2415"]
[BlackElo "2490"]

1.Nf3 d5 2.c4 c6 3.e3 Nf6 4.Be2 e6 5.b3 Bd6 6.O-O Qe7 7.Bb2 O-O 8.Nc3 Nbd7
9.Rc1 a6 10.d4 Re8 11.Qc2 dxc4 12.Bxc4 c5 13.d5 Ne5 14.Ne4 Nxf3+ 15.gxf3 Nxe4
16.fxe4 b5 17.e5 Bb8 18.Be2 Bb7 19.Bf3 Bxd5 20.Bxd5 exd5 21.f4 Ba7 22.Rf3 d4
23.exd4 cxd4 24.Qg2 Rac8 25.Rxc8 Rxc8 26.Rd3 Qd7 27.h3 g6 28.Qe4 Rc2 29.Bxd4 Rc3
30.Rd2 Qxh3 31.Bxa7 Qg3+  0-1

[Event "JUG-chT Cetinje"]
[Site "Cetinje"]
[Date "1991.??.??"]
[Round "8"]
[White "Pajkovic, Vladimir"]
[Black "Smagin, Sergey"]
[Result "1/2-1/2"]
[WhiteElo "2415"]
[BlackElo "2550"]

1.Nf3 d5 2.c4 e6 3.g3 dxc4 4.Bg2 c5 5.Na3 a6 6.Nxc4 b5 7.Ne3 Bb7 8.O-O Nf6
9.b3 Be7 10.Bb2 O-O 11.Qc2 Nbd7 12.Rfd1 Rc8 13.a4 Qb6 14.axb5 axb5 15.Bc3 Ra8
16.Qb2 Rfc8 17.d3 Bf8 18.Rxa8 Rxa8 19.Ra1 Rxa1+ 20.Qxa1 Nd5 21.Bd2 Bd6 22.Nc2 h6
23.e4 N5f6 24.Bc3 Bf8 25.h3 Ne8 26.Ne5 Nxe5 27.Bxe5 Be7 28.Bc3 Bc6 29.Be5 Bf6
30.Bxf6 Nxf6 31.Qc3 b4 32.Qe5 Nd7 33.Qd6 Bb5 34.Qxb6 Nxb6 35.Bf1 e5 36.f4 f6
37.Kf2 Be8 38.Ne3 Bf7 39.Nc4 Nd7 40.Na5 Kf8 41.Be2 Ke7 42.Bg4 Nb8 43.fxe5 fxe5
44.h4 Na6 45.Be2 Nc7 46.Bd1 Be6 47.Ke3 Na6 48.Bh5 Nb8 49.Kf3 Na6 50.Kf2 Nc7
51.Bd1 Bc8 52.Nc4 Kf6 53.Ke3 Nb5 54.Nb6 Be6 55.Kd2 Nc3 56.Bc2 Kg6 57.Na4 Kh5
58.Nxc5 Bc8 59.Ke3 Kg4 60.Kf2 Kh3 61.Na4 Nb5 62.Nb6 Be6 63.Bd1 Nc3 64.Bc2 Nb5
65.Bd1  1/2-1/2

[Event "Cheliabinsk-B"]
[Site "Cheliabinsk"]
[Date "1991.??.??"]
[Round "?"]
[White "Czerwonski, Aleksander"]
[Black "Rublevsky, Sergei"]
[Result "1/2-1/2"]
[WhiteElo "2350"]
[BlackElo "2420"]

1.Nf3 d5 2.c4 dxc4 3.Qa4+ Nd7 4.g3 Nf6 5.Bg2 c6 6.Qxc4 e5 7.O-O Bd6 8.Qc2 O-O
9.Nc3 Re8 10.d4 Qe7 11.e4 exd4 12.Nxd4 Nc5 13.Re1 Be5 14.Nf3 Bxc3 15.bxc3 Ncxe4
16.Nd4 c5 17.Bg5 Qf8 18.Bxe4 Nxe4 19.Rxe4 cxd4 20.Rxd4 b6 21.Rad1 Bb7 22.Qf5 Rac8
23.Rd7 Be4 24.Qg4 Rxc3 25.Be7 Rxe7 26.Rxe7 Qxe7 27.Qxe4 Qf8 28.Qb7 g6 29.Qxa7 Qc5
30.Qb8+ Kg7 31.Qf4 Rc2 32.Rd2 Rc1+ 33.Kg2 Qc6+ 34.Kh3 Qe6+ 35.Kg2 Qc6+ 36.Kh3 Qe6+  1/2-1/2

[Event "Cheliabinsk-B"]
[Site "Cheliabinsk"]
[Date "1991.??.??"]
[Round "?"]
[White "Panchenko, Alexander N"]
[Black "Bashkov, Viacheslav"]
[Result "1/2-1/2"]
[WhiteElo "2445"]
[BlackElo "2470"]

1.Nf3 d5 2.c4 e6 3.b3 Nf6 4.g3 Be7 5.Bg2 O-O 6.O-O b6 7.Bb2 Bb7 8.e3 dxc4
9.bxc4 c5 10.Qe2 Nc6  1/2-1/2

[Event "Cheliabinsk-B"]
[Site "Cheliabinsk"]
[Date "1991.??.??"]
[Round "?"]
[White "Yuneev, Alexey"]
[Black "Ivanov, Sergey"]
[Result "1/2-1/2"]
[WhiteElo "2400"]
[BlackElo "2440"]

1.Nf3 d5 2.c4 e6 3.g3 Nf6 4.Bg2 Be7 5.O-O O-O 6.d4 dxc4 7.Qc2 a6 8.Qxc4 b5
9.Qc2 Bb7 10.Rd1 Nbd7 11.Ne5 Bxg2 12.Nxd7  1/2-1/2

[Event "Capablanca mem (Women)"]
[Site "Cienfuegos"]
[Date "1991.??.??"]
[Round "6"]
[White "Ramon, Vivian"]
[Black "Carbajal, Ana Luisa"]
[Result "1-0"]
[WhiteElo "2235"]
[BlackElo "2115"]

1.Nf3 d5 2.c4 c6 3.d4 Bf5 4.Nc3 e6 5.Qb3 Qb6 6.Qxb6 axb6 7.Bf4 Nd7 8.Nh4 Bb4
9.Nxf5 exf5 10.cxd5 cxd5 11.Bd2 Ngf6 12.f3 O-O 13.e3 Rfd8 14.Bd3 g6 15.Kf2 Nf8
16.Rhc1 Ne6 17.g3 Ne8 18.a3 Bf8 19.Rc2 N8c7 20.Rac1 Bd6 21.Ne2 h5 22.Rc3 Kg7
23.Rb3 b5 24.h4 Kf6 25.f4 Rdc8 26.Bxb5 Ke7 27.Bd3 Nd8 28.Nc3 Kd7 29.Be2 Rab8
30.Na4 b5 31.Nc5+ Ke7 32.Nd3 f6 33.Nb4 Kd7 34.Bf3 Bxb4 35.Bxb4 Nc6 36.Rc5 Nxb4
37.Rxb4 Kd6 38.Rb3 b4 39.axb4 Rb5 40.Be2 Rb6 41.Rbc3 Rxb4 42.Rc6+ Kd7 43.Rc2 Rbb8
44.Bd3 Ne6 45.Rxc8 Rxc8 46.Bb5+  1-0

[Event "Capablanca mem"]
[Site "Cienfuegos"]
[Date "1991.??.??"]
[Round "7"]
[White "Nogueiras, Jesus"]
[Black "Sariego, Wilfredo"]
[Result "0-1"]
[WhiteElo "2535"]
[BlackElo "2420"]

1.Nf3 d5 2.c4 d4 3.a3 a5 4.e3 Nc6 5.exd4 Nxd4 6.Nxd4 Qxd4 7.Nc3 e5 8.d3 Nf6
9.Be3 Qd8 10.Be2 Be7 11.O-O O-O 12.h3 Nd7 13.f4 exf4 14.Bxf4 Bg5 15.Bxg5 Qxg5
16.d4 Ra6 17.Qc1 Qd8 18.Qd2 Rg6 19.Bd3 Rh6 20.Rad1 Nb6 21.Rf4 c6 22.Qf2 f5
23.h4 g5 24.hxg5 Qxg5 25.Be2 Nd7 26.Rd3 Rg6 27.Rh3 Nf6 28.Rh2 b5 29.cxb5 cxb5
30.Nxb5 Re8 31.Nd6 Rxe2 32.Qxe2 Qxf4 33.Qc4+ Kh8 34.Qxc8+ Rg8 35.Nf7+ Kg7
36.Qb7 Qxd4+ 37.Kf1 Qd1+ 38.Kf2 Ne4+ 39.Ke3 Qd2+  0-1

[Event "Capablanca mem-B"]
[Site "Cienfuegos"]
[Date "1991.??.??"]
[Round "10"]
[White "Vilela, Jose Luis"]
[Black "Remon, Adelquis"]
[Result "1-0"]
[WhiteElo "2440"]
[BlackElo "2470"]

1.Nf3 d5 2.c4 e6 3.g3 c6 4.b3 Nf6 5.Bg2 a5 6.Ba3 Nbd7 7.Bxf8 Nxf8 8.d4 Ng6
9.Nbd2 O-O 10.Qc2 Qe7 11.Qb2 b5 12.O-O bxc4 13.bxc4 Ba6 14.Rfc1 Rfb8 15.Qc2 Nd7
16.e3 Rc8 17.Rab1 Qd8 18.c5 e5 19.dxe5 Ngxe5 20.Bf1 Bxf1 21.Kxf1 Rcb8 22.Nxe5 Nxe5
23.Qc3 Qf6 24.Rb6 Rc8 25.f4 Ng4 26.Qxf6 Nxf6 27.Nf3 Ra7 28.Ke2 Rac7 29.h3 h6
30.Nd4 Re7 31.Ra6 Ne4 32.g4 h5 33.Rxa5 Rb7 34.Rc2 g5 35.fxg5 Nxg5 36.Ra6 Rbc7
37.Rb2 Ne4 38.Rc2 hxg4 39.hxg4 Kg7 40.Kf3 Kg6 41.Kf4 Ng5 42.Kg3 Ne4+ 43.Kf4 Ng5
44.Nf3 Nxf3 45.Kxf3 Kg5 46.Rh2 Re8 47.Rh5+ Kg6 48.Rxd5 Kg7 49.Rd6 Rce7 50.Ra3 Rc7
51.Kf4 f6 52.Rad3 Ree7 53.R3d4 Re5 54.Rxf6 Rxc5 55.Rdd6 Rc2 56.Rg6+ Kf7 57.Rdf6+ Ke7
58.Rg7+ Kxf6 59.Rxc7 Rf2+ 60.Ke4 Rxa2 61.Rxc6+ Kg5 62.Kf3 Ra1 63.Rc5+ Kg6
64.Rc8 Rf1+ 65.Ke4 Rg1 66.Kf4 Rf1+ 67.Ke5 Rg1 68.e4  1-0

[Event "Clichy op"]
[Site "Clichy"]
[Date "1991.??.??"]
[Round "7"]
[White "Olivier, Pierre"]
[Black "Mozny, Milos"]
[Result "0-1"]
[WhiteElo "2210"]
[BlackElo "2385"]

1.Nf3 d5 2.c4 e6 3.d4 Nf6 4.Nc3 c5 5.cxd5 exd5 6.Bg5 Nc6 7.g3 Be7 8.Bg2 O-O
9.O-O c4 10.Ne5 Be6 11.Nxc6 bxc6 12.b3 Qa5 13.Na4 Rfd8 14.e3 c5 15.Bxf6 gxf6
16.Nxc5 Bxc5 17.dxc5 Qxc5 18.bxc4 dxc4 19.Bxa8 Rxd1 20.Rfxd1 c3 21.Rdc1 Bf5
22.e4 Bg4 23.e5 fxe5 24.Re1 f5 25.Bg2 c2 26.Rac1 Bh5 27.Bf1 e4 28.Re3 Bd1
29.Re1 Qd4 30.Be2 Qd2 31.Rcxd1 cxd1=Q 32.Rxd1 Qxe2  0-1

[Event "Copenhagen Unibank"]
[Site "Copenhagen"]
[Date "1991.??.??"]
[Round "5"]
[White "Bang, Andreas"]
[Black "Kishnev, Sergey"]
[Result "0-1"]
[WhiteElo "2285"]
[BlackElo "2540"]

1.Nf3 d5 2.c4 dxc4 3.Qa4+ Nd7 4.g3 a6 5.Qxc4 b5 6.Qb3 Bb7 7.Bg2 e6 8.O-O Ngf6
9.Nc3 Be7 10.d3 O-O 11.a4 Nc5 12.Qc2 b4 13.Nb1 Bd5 14.Nfd2 Rb8 15.b3 Bxg2
16.Kxg2 Qd5+  0-1

[Event "Corfu op"]
[Site "Corfu"]
[Date "1991.??.??"]
[Round "9"]
[White "Marasescu, Ioan"]
[Black "Serpi, Andrea"]
[Result "1-0"]
[WhiteElo "2310"]
[BlackElo "2225"]

1.Nf3 d5 2.c4 d4 3.e3 c5 4.exd4 cxd4 5.d3 Nc6 6.g3 e5 7.Bg2 Bd6 8.O-O Nge7
9.a3 a5 10.Nbd2 a4 11.Qc2 O-O 12.c5 Bc7 13.Nc4 f6 14.Nfd2 Be6 15.Ne4 Na5
16.Nxa5 Rxa5 17.Bd2 Ra7 18.Rac1 Bb3 19.Qb1 Bd5 20.f4 f5 21.Nd6 Bxg2 22.Kxg2 Bxd6
23.Qa2+ Kh8 24.cxd6 Qxd6 25.Bb4 Qd7 26.fxe5 Re8 27.Bd6 Nc6 28.Rc5 Ra5 29.Rxa5 Nxa5
30.Qd5 Nc6 31.Re1 Re6 32.Qf3 Rh6 33.Rf1 g6 34.Qd5 g5 35.Qf3 f4 36.gxf4 g4
37.Qe4 g3 38.hxg3 Qh3+ 39.Kf2 Qg4 40.Rh1 Rxh1 41.Qxh1 Kg7 42.Qf3 h5 43.f5  1-0

[Event "CZE-ch"]
[Site "CSR"]
[Date "1991.??.??"]
[Round "9"]
[White "Pribyl, Martin"]
[Black "Trefny, Vlastimil"]
[Result "0-1"]
[WhiteElo "2305"]
[BlackElo "2200"]

1.Nf3 d5 2.c4 e6 3.b3 Nf6 4.Bb2 Be7 5.e3 Nbd7 6.Be2 O-O 7.O-O b6 8.Nc3 Bb7
9.Qc2 c5 10.cxd5 exd5 11.d4 Rc8 12.dxc5 Nxc5 13.Rac1 Bd6 14.Rfd1 Nce4 15.Qd3 Qe7
16.Nxe4 Nxe4 17.Qd4 f5 18.g3 Rcd8 19.Qd3 Rde8 20.Nd4 Qg5 21.Bf3 f4 22.exf4 Bxf4
23.Rc2 h5 24.Bg2 Nxf2 25.Rxf2 Be3 26.Nf3 Qg4 27.Bd4 Bxf2+ 28.Kxf2 h4 29.gxh4 Re4
30.Rd2 Qxh4+ 31.Kg1 Re1+ 32.Nxe1 Qxe1+ 33.Bf1 Ba6 34.Qxa6 Qxd2 35.Qd3 Rxf1+
36.Qxf1 Qxd4+ 37.Kg2 Qg4+ 38.Kh1 Qe4+ 39.Kg1 Qd4+ 40.Kh1 Qe4+ 41.Kg1 d4 42.Qc4+ Kh7
43.a4 Qe3+ 44.Kf1 Qf3+ 45.Kg1 d3 46.Qh4+ Kg6 47.Qe1 Kf5 48.a5 Qg4+ 49.Kf1 Qf4+
50.Kg1 d2 51.Qb1+ Kg5 52.axb6 Qe3+ 53.Kg2 Qe2+ 54.Kg3 Qe1+  0-1

[Event "DEN-chB"]
[Site "DEN"]
[Date "1991.??.??"]
[Round "3"]
[White "Petersen, Soren Boeck"]
[Black "Jaksland, Tim"]
[Result "1-0"]
[WhiteElo "2295"]
[BlackElo "2255"]

1.Nf3 d5 2.c4 dxc4 3.e3 Nf6 4.Bxc4 e6 5.d4 c5 6.O-O a6 7.Qe2 Nc6 8.Rd1 cxd4
9.exd4 Be7 10.Nc3 Nb4 11.a4 O-O 12.Ne5 h6 13.a5 b5 14.axb6 Qxb6 15.Na4 Qa7
16.Ra3 Rd8 17.Rg3 Kf8 18.Nc5 Bxc5 19.dxc5 Bd7 20.Nxd7+ Rxd7 21.Rxd7 Qxd7
22.Bf4 Nbd5 23.Bd6+ Kg8 24.h3 Ne7 25.Qf3 Ned5 26.Be5 Ne8 27.Bxg7 Kh7 28.Be5 f6
29.Qg4 Qf7 30.Bxd5 exd5 31.Qf5+ Kh8 32.Rg6 Ng7 33.Qxf6  1-0

[Event "DEN-chB"]
[Site "DEN"]
[Date "1991.??.??"]
[Round "6"]
[White "Bjerring, Kai"]
[Black "Hartung Nielsen, Jens"]
[Result "1/2-1/2"]
[WhiteElo "2330"]
[BlackElo "2280"]

1.Nf3 d5 2.c4 e6 3.g3 Nf6 4.Bg2 Be7 5.O-O O-O 6.b3 d4 7.d3 Nc6 8.e4 e5 9.Ne1 Ne8
10.f4 exf4 11.Bxf4 f5 12.exf5 Bxf5 13.Nd2 Qd7 14.Ne4 Nf6 15.Nxf6+ Bxf6 16.a3 a5
17.Ra2 Be7 18.Qc1 Bh3 19.Bxh3 Qxh3 20.Raf2 Qd7 21.Nc2 Bd6 22.Bxd6 Qxd6 23.Rxf8+ Rxf8
24.Rxf8+ Qxf8 25.Qf4 Qe7 26.Kf2 g5 27.Qf5 Kg7 28.b4 axb4 29.axb4 Qf6 30.Qf3 g4
31.Qxf6+  1/2-1/2

[Event "Dortmund-D"]
[Site "Dortmund"]
[Date "1991.??.??"]
[Round "5"]
[White "Podzielny, Karl Heinz"]
[Black "Mainka, Gregor"]
[Result "1-0"]
[WhiteElo "2445"]
[BlackElo "2350"]

1.Nf3 d5 2.c4 dxc4 3.Na3 c5 4.Nxc4 Nc6 5.g3 f6 6.Bg2 e5 7.d3 Nge7 8.h4 Be6
9.b3 Nd5 10.Bb2 Be7 11.a3 O-O 12.O-O Qd7 13.Rc1 Rfd8 14.Ncd2 Rac8 15.Re1 Qe8
16.e3 Qf7 17.Qc2 b5 18.Qb1 Nb6 19.Ba1 c4 20.bxc4 bxc4 21.d4 exd4 22.Nxd4 Nxd4
23.Bxd4 Bxa3 24.Rc3 Qe7 25.Be4 h6 26.Rc2 Bb4 27.Rec1 c3 28.Nf3 Bg4 29.Ra2 Be6
30.Rxa7 Qxa7 31.Qxb4 Rb8 32.Qxc3 Qa4 33.Bc2 Qd7 34.Qd3 Nd5 35.Qh7+ Kf8 36.Bc5+ Ne7
37.Nd4 Bg8 38.Qe4 Rdc8 39.Ba4 Rxc5 40.Rxc5 Qa7 41.Rc1 Bd5 42.Qf4 Ng6 43.Qd6+  1-0

[Event "Dos Hermanas"]
[Site "Dos Hermanas"]
[Date "1991.??.??"]
[Round "?"]
[White "Rodriguez, Antonio"]
[Black "Vladimirov, Evgeny"]
[Result "1/2-1/2"]
[WhiteElo "2325"]
[BlackElo "2575"]

1.Nf3 d5 2.c4 e6 3.e3 Nf6 4.b3 c5 5.Bb2 Nc6 6.cxd5 exd5 7.Bb5 Bd6 8.O-O O-O
9.Bxc6 bxc6 10.d3 a5 11.Nbd2 a4 12.Be5 Be7 13.Qc2 Bf5 14.e4 Bg6 15.Rac1 Nd7
16.Bg3 f5 17.exf5 Bxf5 18.Rfe1 Re8 19.Ne5 Nxe5 20.Rxe5 Qd7 21.Rce1 Bf6 22.Rxe8+ Rxe8
23.Rxe8+ Qxe8 24.Nf3 Qe7 25.h3 g5 26.Qd2 axb3 27.axb3 h5 28.d4 cxd4 29.Nxd4 Bd7
30.Nf3 h4 31.Bb8 Qe4 32.Nxg5 Qg6 33.Bf4 Qb1+ 34.Kh2 Qxb3 35.Nf3 Qb1 36.Be5 Be7
37.Qh6 Qh7 38.Qf4 Qf5 39.Qh6 Qh7 40.Qf4 Qf5 41.Qh6  1/2-1/2

[Event "BCF-ch"]
[Site "Eastbourne"]
[Date "1991.??.??"]
[Round "6"]
[White "Plaskett, Jim"]
[Black "Lalic, Susan"]
[Result "1-0"]
[WhiteElo "2480"]
[BlackElo "2300"]

1.Nf3 d5 2.c4 e6 3.b3 c5 4.Bb2 Nc6 5.e3 Nf6 6.cxd5 exd5 7.Bb5 Be7 8.Bxc6+ bxc6
9.O-O O-O 10.Qc2 d4 11.exd4 Nd5 12.dxc5 Nb4 13.Qc3 Bf6 14.d4 Nd5 15.Qd2 Ba6
16.Re1 Qc7 17.Nc3 Rad8 18.Ne4 Be7 19.Ba3 Qf4 20.Qa5 Bd3 21.Ng3 Bf6 22.Rad1 Bg6
23.Bc1 Qg4 24.h3 Qc8 25.Ne5 Bxe5 26.dxe5 Qc7 27.Qxc7 Nxc7 28.Rd6  1-0

[Event "FIN-chT"]
[Site "FIN"]
[Date "1991.??.??"]
[Round "?"]
[White "Hakulinen, Esko Matti"]
[Black "Vooremaa, Andres"]
[Result "1/2-1/2"]
[WhiteElo "2310"]
[BlackElo "2350"]

1.Nf3 d5 2.c4 e6 3.g3 Nf6 4.Bg2 Be7 5.O-O O-O 6.d4 c6 7.Qc2 Nbd7 8.Nbd2 b6
9.e4 Bb7 10.e5 Ne8 11.b3 Rc8 12.Bb2 Qc7 13.Rac1 Qb8 14.Rfd1 Nc7 15.h4 h6
16.cxd5 cxd5 17.Nf1 a5 18.Qd2 Nb5 19.g4 Rxc1 20.Rxc1 Rc8 21.g5 Rxc1 22.Qxc1 Qc8
23.Qxc8+ Bxc8 24.gxh6 gxh6 25.Ne3 Ba6 26.Bf1 Nc7 27.Bxa6 Nxa6 28.a3 Nc7 29.Kg2 b5
30.Kg3  1/2-1/2

[Event "FRA-chT"]
[Site "FRA"]
[Date "1991.??.??"]
[Round "?"]
[White "Ivkov, Borislav"]
[Black "Passager, Jean Pierre"]
[Result "1-0"]
[WhiteElo "2485"]
[BlackElo "2305"]

1.Nf3 d5 2.c4 e6 3.e3 Nf6 4.b3 Be7 5.Bb2 O-O 6.Be2 c5 7.O-O Nc6 8.d4 b6 9.dxc5 bxc5
10.cxd5 exd5 11.Nc3 Bb7 12.Rc1 Rc8 13.Na4 Ne4 14.Nd2 Qa5 15.Nxe4 dxe4 16.Bc4 Nb4
17.Qg4 g6 18.Qf4 Nd3 19.Bxd3 exd3 20.Qe5 f6 21.Qxe7 Rf7 22.Rxc5 Rxe7 23.Rxa5 Rec7
24.Rxa7 d2 25.Bc3 Rd8 26.Rd1 Rd3 27.Rxd2 Rcxc3 28.Nxc3 Rxd2 29.Rxb7  1-0

[Event "FRA-chT"]
[Site "FRA"]
[Date "1991.??.??"]
[Round "?"]
[White "Ehlvest, Jaan"]
[Black "Guigonis, Dominique"]
[Result "1-0"]
[WhiteElo "2650"]
[BlackElo "2290"]

1.Nf3 d5 2.c4 e6 3.g3 Nd7 4.b3 Ngf6 5.Bb2 Bd6 6.Bg2 O-O 7.O-O Re8 8.Nc3 c6
9.Qc2 Nf8 10.d4 b6 11.e4 dxe4 12.Nxe4 Nxe4 13.Qxe4 Bb7 14.Rad1 Qe7 15.Ne5 Rac8
16.Nd3 Ba8 17.Qg4 f6 18.Rfe1 Kh8 19.Qh5 Bb7 20.h4 Kg8 21.Qg4 Rc7 22.c5 bxc5
23.dxc5 Bxc5 24.Nxc5 Qxc5 25.Bxf6 Qa5 26.Re2 h5 27.Qg5 Qa6 28.Bf1 c5 29.Be5 Qc6
30.f3 Rf7 31.Rf2 Nh7 32.Qg6 Nf8 33.Qg5 Nh7 34.Qe3 Rxf3 35.Qxf3 Qxf3 36.Rxf3 Bxf3
37.Rd7 Nf6 38.Rxa7 Ng4 39.Bc7 e5 40.Bc4+ Kh7 41.Bf7 Re7 42.Bb6 Rxa7 43.Bxa7 g6
44.Bxc5 Kg7 45.Bc4 Kf6 46.a4 e4 47.Bd4+ Ke7 48.Kf1  1-0

[Event "Gausdal Int"]
[Site "Gausdal"]
[Date "1991.??.??"]
[Round "2"]
[White "Ilinsky, Vladimir"]
[Black "Stokstad, Petter G"]
[Result "1-0"]
[WhiteElo "2350"]
[BlackElo "2205"]

1.Nf3 d5 2.c4 e6 3.g3 Nf6 4.Bg2 c5 5.cxd5 exd5 6.d4 Nc6 7.O-O Be7 8.dxc5 Bxc5
9.Nbd2 Bf5 10.Nb3 Be7 11.Be3 O-O 12.Nfd4 Bg6 13.Nxc6 bxc6 14.Rc1 Qd7 15.Bc5 Rfe8
16.Nd4 Rac8 17.Qa4 Qb7 18.Bh3 Rc7 19.Bxe7 Rexe7 20.b4 Ne8 21.Rfe1 Nd6 22.Nxc6 Re8
23.Nd4 Rc4 24.Rxc4 dxc4 25.Bg2 Qb6 26.Rd1 Kf8 27.Qa3 Rc8 28.Qc3 h6 29.a3 Kg8
30.Bf3 a6 31.a4 Be4 32.Bxe4 Nxe4 33.Qe3 Re8 34.Nc2 Qxe3 35.Nxe3 Nc3 36.Rd6 Rb8
37.Nc2 Na2 38.Rc6 Nxb4 39.Rxc4 Nxc2 40.Rxc2 Rb4 41.a5 Rb5 42.Ra2 Kf8 43.Kg2 Ke7
44.Kf3 Kd6 45.h4 Kc5 46.g4 Kb4 47.e4 h5 48.gxh5 Rxh5 49.Kg4 Rxa5 50.Rb2+ Kc3
51.Rb7 Re5 52.f3 g6 53.Rxf7 a5 54.Rf6 a4 55.Rxg6 Ra5 56.h5 a3 57.h6 Ra8 58.h7 Rh8
59.Ra6 Kb2 60.Rb6+ Kc3 61.Rb7 a2 62.Ra7 Kb2 63.Rb7+ Kc3 64.Ra7 Kb2 65.e5 Rxh7
66.Ra5 Rh1 67.f4 a1=Q 68.Rxa1 Rxa1 69.f5 Re1 70.f6 Rf1 71.Kg5 Rg1+ 72.Kh6 Rh1+
73.Kg7 Rg1+ 74.Kf7  1-0